|
|
|
|
| LEADER |
01687nam a2200325 a 4500 |
| 001 |
17352 |
| 003 |
BD-DhAAL |
| 008 |
090102r20092008ii a b 001 0 eng d |
| 020 |
|
|
|a 9780070220928
|
| 020 |
|
|
|a 0070220921
|
| 040 |
|
|
|a BD-DhAAL
|c BD-DhAAL
|
| 082 |
0 |
0 |
|a 658
|2 22
|
| 100 |
1 |
|
|a Paul, Justin
|9 536
|
| 245 |
1 |
0 |
|a Business environment :
|b text and cases /
|c Justin Paul.
|
| 250 |
|
|
|a Second edition.
|
| 260 |
|
|
|a New Delhi :
|b Tata McGraw-Hill Publishing,
|c 2009 [reprinted].
|
| 300 |
|
|
|a xix, 490 pages :
|b illustrations ;
|c 24 cm
|
| 504 |
|
|
|a Includes bibliographical references and index.
|
| 526 |
|
|
|a BBS
|x Asefa Huda
Faculty member of BRAC University
|
| 541 |
1 |
|
|e 17352, 19664
|a Essence Science Publications
|
| 650 |
|
0 |
|a Industries
|x Social aspects.
|
| 650 |
|
0 |
|a Business.
|
| 650 |
|
0 |
|a Industrial management.
|
| 852 |
4 |
|
|a Ayesha Abed Library
|c General Stacks
|
| 942 |
|
|
|2 ddc
|c BK
|
| 999 |
|
|
|c 6598
|d 6598
|
| 952 |
|
|
|0 0
|1 0
|2 ddc
|4 0
|6 658_000000000000000_PAU
|7 0
|9 6712
|a BRACUL
|b BRACUL
|c GEN
|d 2010-01-02
|l 3
|m 3
|o 658 PAU
|p 3010019664
|r 2025-07-01
|s 2011-12-27
|t 2
|w 2010-01-02
|y BK
|
| 952 |
|
|
|0 0
|1 0
|2 ddc
|4 0
|6 658_PAU_200900000000000
|7 0
|9 6713
|a BRACUL
|b BRACUL
|c GEN
|d 2010-01-02
|l 32
|m 129
|o 658 PAU
|p 3010019665
|r 2022-11-12
|s 2022-11-07
|t 3
|w 2010-01-02
|y BK
|
| 952 |
|
|
|0 0
|1 0
|2 ddc
|4 0
|6 658_PAU_200900000000000
|7 0
|9 6714
|a BRACUL
|b BRACUL
|c GEN
|d 2010-01-02
|l 31
|m 135
|o 658 PAU
|p 3010019666
|r 2023-11-07
|s 2023-09-03
|t 4
|w 2010-01-02
|y BK
|
| 952 |
|
|
|0 0
|1 0
|2 ddc
|4 0
|6 658_000000000000000_PAU
|7 1
|9 18115
|a BRACUL
|b BRACUL
|c CIR
|d 2011-09-19
|e Essence Science Publications
|g 499.00
|l 2
|m 3
|o 658 PAU
|p 3010017352
|r 2025-07-01
|s 2013-09-29
|t 1
|w 2011-09-19
|y 1HOUR
|x Requisitioned by Asefa Huda Faculty member of BRAC University.
|